Spotify Top Artists of 2024 Global - Statistics

General Stats
  • This quiz has been taken 105 times
  • The average score is 23 of 50
Answer Stats
# Popular Song by the Artist Artist % Correct
5 bad guy Billie Eilish
99%
1 Cruel Summer Taylor Swift
94%
4 God's Plan Drake
92%
37 Poker Face Lady Gaga
89%
2 Blinding Lights The Weeknd
88%
9 7 rings Ariana Grande
87%
32 Peaches Justin Bieber
84%
13 HUMBLE. Kendrick Lamar
83%
19 Please Please Please Sabrina Carpenter
79%
3 DÁKITI Bad Bunny
72%
35 Levitating Dua Lipa
72%
20 Sunflower Post Malone
70%
18 Marry You Bruno Mars
69%
12 Without Me Eminem
67%
6 SICKO MODE Travis Scott
67%
41 Halo Beyonce
66%
40 Perfect Ed Sheeran
66%
8 Stronger Kanye West
66%
39 Thunder Imagine Dragons
64%
33 deja vu Olivia Rodrigo
64%
15 Mask Off Future
53%
26 Paradise Coldplay
51%
47 Say So Doja Cat
51%
23 Stay Rihanna
51%
43 Look At Me! XXXTentacion
46%
22 Snooze SZA
44%
50 505 Arctic Monkeys
42%
34 Titanium David Guetta
40%
14 Video Games Lana Del Rey
40%
25 Bank Account 21 Savage
39%
17 Creepin' Metro Boomin
36%
36 In The End Linkin Park
35%
49 NEW MAGIC WAND Tyler, the Creator
35%
45 Chantaje Shakira
34%
16 PROVENZA KAROL G
33%
48 Summer Calvin Harris
31%
27 Todo De Ti Rauw Alejandro
24%
28 Last Night Morgan Wallen
22%
42 Sky Playboi Carti
20%
24 Something in the Orange Zach Bryan
18%
10 LUNA Feid
16%
7 LADY GAGA Peso Pluma
16%
38 LALA Myke Towers
12%
11 Tujhe Kitna Chahne Lage Arijit Singh
7%
44 Sola (Remix) Anuel AA
6%
29 AMG Natanael Cano
3%
30 SABOR FRESA Fuerza Regida
2%
31 Kesariya Pritam
2%
46 Primera Cita Carin Leon
1%
21 Y LLORO Junior H
1%
No matching quizzes found
Score Distribution
Percent of People with Each Score
Percentile by Number Answered
Your Score History
You have not taken this quiz